Giáo dục giá trị sống, kĩ năng sống cho học sinh phổ thông chuyên đề : Bạo lực và kĩ năng phòng chống bạo lực với học sinh phổ thông
Cuốn sách có ba phần chính : giáo dục cho học sinh giá trị và kĩ năng sống với chủ đề phòng chống bạo lực để hướng tới cái chân thiện mỹ và lý tưởng sống phù hợp.
Spremljeno u:
| Glavni autor: | |
|---|---|
| Format: | Knjiga |
| Jezik: | Undetermined |
| Izdano: |
TP. Hồ Chí Minh
Giáo dục Việt Nam
2011
|
| Teme: | |
| Oznake: |
Dodaj oznaku
Bez oznaka, Budi prvi tko označuje ovaj zapis!
|
| Thư viện lưu trữ: | Trung tâm Học liệu Trường Đại học Cần Thơ |
|---|
| LEADER | 01121nam a2200229Ia 4500 | ||
|---|---|---|---|
| 001 | CTU_184729 | ||
| 008 | 210402s9999 xx 000 0 und d | ||
| 020 | |c 26000 | ||
| 082 | |a 371.40712 | ||
| 082 | |b Ng100 | ||
| 100 | |a Lục, Thị Nga | ||
| 245 | 0 | |a Giáo dục giá trị sống, kĩ năng sống cho học sinh phổ thông chuyên đề : | |
| 245 | 0 | |b Bạo lực và kĩ năng phòng chống bạo lực với học sinh phổ thông | |
| 245 | 0 | |c Lục Thị Nga, Vũ Thúy Hạnh | |
| 260 | |a TP. Hồ Chí Minh | ||
| 260 | |b Giáo dục Việt Nam | ||
| 260 | |c 2011 | ||
| 520 | |a Cuốn sách có ba phần chính : giáo dục cho học sinh giá trị và kĩ năng sống với chủ đề phòng chống bạo lực để hướng tới cái chân thiện mỹ và lý tưởng sống phù hợp. | ||
| 650 | |a Educational counseling,Tư vấn giáo dục | ||
| 650 | |x Study and teaching (secondary),Học và giảng dạy | ||
| 904 | |i Tuyến | ||
| 980 | |a Trung tâm Học liệu Trường Đại học Cần Thơ | ||